| 000 | 00586nam a22001937a 4500 | ||
|---|---|---|---|
| 003 | OSt | ||
| 005 | 20251126101513.0 | ||
| 008 | 251126b |||||||| |||| 00| 0 eng d | ||
| 020 | _a978-1-84787-250-0. | ||
| 040 |
_aDWCL-Admin lib _cOC |
||
| 082 | _aCirc. 070.4 H257j 2009 | ||
| 100 | _aHarcup, Tony | ||
| 245 |
_aJournalism : _bprinciples & practice _cTony Harcup |
||
| 260 |
_aLondon : _bSage Pub. Ltd, _cc2009 |
||
| 300 |
_axii, 244 p. ; _c23 cm. |
||
| 504 | _aIncludes bibliographical references & index. | ||
| 650 | _a1. Journalism | ||
| 942 |
_2ddc _cBK-CIRC _e2nd ed. _kCirc. _n0 |
||
| 999 |
_c6362 _d6362 |
||